Porovnanie vplyvu pohlavia na ukazovateľ priemerná dĺžka života bakalárska práca

Gespeichert in:
Bibliographische Detailangaben
1. Verfasser: Hoblíková, Veronika
Körperschaft: Fakulta hospodárskej informatiky EU. Katedra štatistiky
Weitere Verfasser: Bolgáč, Ján, 1959-
Format: Buch
Sprache:Slowakisch
Veröffentlicht: Bratislava 2010
Tags: Tag hinzufügen
Keine Tags, Fügen Sie das erste Tag hinzu!

MARC

LEADER 00000nbm a2200000 4500
001 0138711
005 20161109111559.1
041 0 |a slo 
044 |a SK 
245 1 0 |a Porovnanie vplyvu pohlavia na ukazovateľ priemerná dĺžka života  |b bakalárska práca  |c Veronika Hoblíková ; školiteľ: Ján Bolgáč 
264 1 |a Bratislava  |c 2010 
300 |a 43 s. 
100 1 |a Hoblíková, Veronika 
700 1 |a Bolgáč, Ján, 1959- 
710 2 |a Fakulta hospodárskej informatiky EU. Katedra štatistiky